[Event "4NCL/Div2/SLOS2 vs. RIC"]
[Site "Coventry ENG"]
[Date "2007.01.14"]
[Round "6.8"]
[White "Chevannes, Sabrina"]
[Black "Nelson, Omowale"]
[Result "0-1"]
[WhiteElo "2102"]
[BlackElo "2086"]
[PlyCount "120"]
[EventDate "2007.01.14"]
[EventType "team"]
[EventRounds "11"]
[EventCountry "ENG"]
[WhiteTeam "Richmond"]
[BlackTeam "Slough Sharks 2"]

1. d4 d5 2. Nf3 Nf6 3. Bf4 Bf5 4. e3 c6 5. Nbd2 e6 6. Bd3 Bd6 7. Bxf5 exf5 8.
Be5 Qe7 9. O-O Nbd7 10. Bxd6 Qxd6 11. c4 O-O 12. Qc2 Ne4 13. cxd5 cxd5 14. Qb3
Rfc8 15. Rac1 Nb6 16. a4 a5 17. Qb5 Qb4 18. Qxb4 axb4 19. b3 Nc3 20. Kh1 Na2
21. Ra1 Rc2 22. Nb1 Rac8 23. h3 Rb2 24. Nbd2 Rcc2 25. Rfd1 Nc3 26. Rf1 Rxd2 27.
Nxd2 Rxd2 28. a5 Nd7 29. a6 bxa6 30. Rxa6 g6 31. Rd6 Nf8 32. Rb6 Na2 33. Kg1
Rb2 34. Ra1 Kg7 35. Rb5 Nd7 36. Rxd5 Nf6 37. Rb5 Ne4 38. f3 Nec3 39. Rb7 Re2
40. Rb6 Rxe3 41. Rb8 Re2 42. Rd8 Kf6 43. Ra8 Rc2 44. Kh2 Nc1 45. R1a6+ Kg5 46.
Rb8 Nd5 47. Rh8 h5 48. Kh1 Ne2 49. Rha8 Kf4 50. Ra2 Rxa2 51. Rxa2 Nxd4 52. Rb2
h4 53. Rb1 f6 54. Kg1 Ke3 55. Kf1 Kd3 56. Rd1+ Kc3 57. Kf2 Nf4 58. Ke3 Nxg2+
59. Kf2 Nf4 60. Ke3 g5 0-1

[Event "4NCL/Div2/BAR2 vs. RIC"]
[Site "Wokefield Park ENG"]
[Date "2007.03.03"]
[Round "7.1"]
[White "Twyble, Michael S"]
[Black "Wall, Gavin"]
[Result "1/2-1/2"]
[WhiteElo "2238"]
[BlackElo "2326"]
[PlyCount "50"]
[EventDate "2007.03.03"]

1. d4 f5 2. g3 Nf6 3. Bg2 g6 4. c4 Bg7 5. Nc3 d6 6. Nf3 O-O 7. O-O Qe8 8. Re1
Qf7 9. b3 Ne4 10. Bb2 Nc6 11. Rc1 h6 12. d5 Nd8 13. Qc2 Ng5 14. Nxg5 hxg5 15.
Nb5 c6 16. dxc6 bxc6 17. Bxg7 Qxg7 18. Qd2 Bd7 19. Nc3 Ne6 20. e4 fxe4 21. Rxe4
Nc5 22. Re3 a5 23. Rce1 Rf7 24. Ne4 Nxe4 25. Bxe4 g4 1/2-1/2

[Event "4NCL/Div2/BAR2 vs. RIC"]
[Site "Wokefield Park ENG"]
[Date "2007.03.03"]
[Round "7.3"]
[White "Taylor, Martin R"]
[Black "Bisby, Daniel L"]
[Result "1/2-1/2"]
[WhiteElo "2323"]
[BlackElo "2279"]
[PlyCount "54"]
[EventDate "2007.03.03"]

1. d4 Nf6 2. Bg5 e6 3. Nd2 d5 4. e3 Be7 5. Bd3 Nbd7 6. Ngf3 b6 7. c3 Bb7 8. O-O
O-O 9. Qb1 h6 10. Bh4 Ne8 11. Bxe7 Qxe7 12. e4 dxe4 13. Bxe4 Bxe4 14. Qxe4 Nef6
15. Qc6 Qd6 16. Qa4 c5 17. Rfd1 cxd4 18. Nc4 Qc5 19. Nxd4 e5 20. Nb3 Qc7 21.
Nd6 Nc5 22. Nxc5 Qxc5 23. Qh4 Kh7 24. Rd3 Rad8 25. Rad1 g5 26. Qh3 e4 27. Nf5
Ng4 1/2-1/2

[Event "4NCL/Div2/BAR2 vs. RIC"]
[Site "Wokefield Park ENG"]
[Date "2007.03.03"]
[Round "7.4"]
[White "Osborne, Marcus E"]
[Black "Lewis, Andrew P"]
[Result "0-1"]
[WhiteElo "2257"]
[BlackElo "2254"]
[PlyCount "57"]
[EventDate "2007.03.03"]

1. d4 Nf6 2. c4 g6 3. Nc3 Bg7 4. e4 d6 5. Be2 O-O 6. Nf3 e5 7. O-O Nc6 8. d5
Ne7 9. b4 Ne8 10. c5 f5 11. Nd2 Nf6 12. a4 Bh6 13. exf5 gxf5 14. cxd6 cxd6 15.
a5 Ng6 16. a6 b6 17. Bb5 Rf7 18. Nc4 Bf8 19. f4 exf4 20. Ne2 Bg7 21. Nxf4 Ne4
22. Ne6 Bxe6 23. dxe6 Rc7 24. Bb2 Qg5 25. Qd5 Bxb2 26. Rxf5 Bd4+ 27. Kf1 Qxf5+
28. Qxf5 Rf8 29. g4 0-1

[Event "4NCL/Div2/BAR2 vs. RIC"]
[Site "Wokefield Park ENG"]
[Date "2007.03.03"]
[Round "7.5"]
[White "Pritchett, Craig W"]
[Black "Franklin, Michael J"]
[Result "1-0"]
[WhiteElo "2298"]
[BlackElo "2203"]
[PlyCount "55"]
[EventDate "2007.03.03"]

1. e4 c5 2. Nf3 a6 3. c3 d6 4. d4 Nd7 5. Bd3 e6 6. O-O Ne7 7. Re1 Ng6 8. b4 b6
9. a4 Be7 10. a5 b5 11. g3 O-O 12. h4 Re8 13. h5 Ngf8 14. h6 g6 15. bxc5 dxc5
16. e5 Bb7 17. Be4 Bxe4 18. Rxe4 cxd4 19. cxd4 Nc5 20. Re1 Na4 21. Qd2 Qd5 22.
Qf4 Nd7 23. Nbd2 Rf8 24. Ba3 Bxa3 25. Rxa3 f5 26. exf6 Rxf6 27. Qc7 Raf8 28.
Re5 1-0

[Event "4NCL/Div2/BAR2 vs. RIC"]
[Site "Wokefield Park ENG"]
[Date "2007.03.03"]
[Round "7.6"]
[White "Nixon, Thomas C M"]
[Black "Taylor, Peter"]
[Result "1-0"]
[WhiteElo "2189"]
[BlackElo "2217"]
[PlyCount "91"]
[EventDate "2007.03.03"]

1. d4 Nf6 2. c4 e6 3. Nf3 c5 4. d5 d6 5. Nc3 exd5 6. cxd5 g6 7. Nd2 Nbd7 8. e4
Bg7 9. Nc4 Nb6 10. Ne3 O-O 11. a4 Bd7 12. g3 Re8 13. Bg2 h5 14. h3 Rb8 15. O-O
a6 16. a5 Nc8 17. Qd3 Na7 18. Nc4 Bb5 19. Bf4 Bxc4 20. Qxc4 Qd7 21. Rfe1 Nh7
22. Bf1 Re7 23. Rab1 b5 24. axb6 Rxb6 25. b4 Bxc3 26. Qxc3 Nb5 27. Qd3 cxb4 28.
Rxb4 f6 29. Bc1 Kf7 30. Qe3 Rb8 31. Qh6 Rh8 32. Qf4 Rhe8 33. Bb2 Kg7 34. Re3
Rf7 35. Reb3 Rb8 36. Rc4 Rb6 37. Qe3 Rb7 38. Rc6 Na7 39. Rxb7 Qxb7 40. Rb6 Qd7
41. Rxa6 Nc8 42. Kh2 Qb7 43. Bc1 Nf8 44. h4 Re7 45. Rc6 Rc7 46. Ba6 1-0

[Event "4NCL/Div2/BAR2 vs. RIC"]
[Site "Wokefield Park ENG"]
[Date "2007.03.03"]
[Round "7.7"]
[White "Coleman, David"]
[Black "Chevannes, Sabrina"]
[Result "1/2-1/2"]
[WhiteElo "2251"]
[BlackElo "2102"]
[PlyCount "67"]
[EventDate "2007.03.03"]

1. e4 c6 2. d4 d5 3. exd5 cxd5 4. c4 Nf6 5. Nc3 Nc6 6. Bg5 Be6 7. Nge2 Qa5 8.
c5 g6 9. a3 a6 10. b4 Qd8 11. f3 Bg7 12. Qd2 Ng8 13. Be3 Bc8 14. Rd1 e6 15. Na4
Nge7 16. Nb6 Ra7 17. Bh6 Bxh6 18. Qxh6 Nf5 19. Qf4 Bd7 20. h4 h5 21. g3 Nce7
22. Nc3 O-O 23. g4 Ng7 24. Qd6 Bc6 25. Qxd8 Rxd8 26. Bg2 Nc8 27. Nxc8 Rxc8 28.
Kf2 Raa8 29. Rhe1 Re8 30. Rd2 Rad8 31. a4 Ra8 32. Kg3 Rec8 33. Ra1 Bd7 34. Bh3
1/2-1/2

[Event "4NCL/Div2/BAR2 vs. RIC"]
[Site "Wokefield Park ENG"]
[Date "2007.03.03"]
[Round "7.8"]
[White "Mitchem, Nicholas D"]
[Black "Regan, Natasha"]
[Result "0-1"]
[WhiteElo "2048"]
[BlackElo "2171"]
[PlyCount "54"]
[EventDate "2007.03.03"]

1. e4 Nf6 2. Nc3 d5 3. e5 Ne4 4. Nce2 d4 5. d3 Nc5 6. f4 Nc6 7. h3 f6 8. Nf3
Be6 9. exf6 exf6 10. a3 a5 11. Ng3 Qe7 12. Be2 g6 13. O-O a4 14. Bd2 Qd7 15. f5
gxf5 16. Nh4 Ne7 17. Bh5+ Kd8 18. Bb4 Rg8 19. Bxc5 Rxg3 20. Rf4 Nd5 21. Bxf8
Nxf4 22. Kh2 Rg8 23. Bh6 Qd6 24. Kh1 Nxh3 25. gxh3 Qg3 26. Qf3 Qxh4 27. Bf4 c6
0-1

[Event "4NCL/Div2/CAMB1 vs. WRO"]
[Site "Wokefield Park ENG"]
[Date "2007.03.03"]
[Round "7.1"]
[White "Pinter, Gabor"]
[Black "Teplitsky, Jan"]
[Result "1/2-1/2"]
[WhiteElo "2366"]
[BlackElo "2446"]
[PlyCount "70"]
[EventDate "2007.03.03"]

1. e4 c5 2. Nf3 d6 3. Bb5+ Nc6 4. O-O Bd7 5. Re1 Nf6 6. h3 a6 7. Bf1 e6 8. c3
Be7 9. d4 cxd4 10. cxd4 d5 11. e5 Ne4 12. Nbd2 Nxd2 13. Bxd2 Qb6 14. Bc3 O-O
15. Qd2 f5 16. a3 a5 17. Rec1 a4 18. Rc2 Na5 19. Bxa5 Rxa5 20. Rac1 Bc6 21. Ne1
Raa8 22. Qe3 g5 23. Qc3 Qa5 24. Qxa5 Rxa5 25. Nd3 Bd8 26. Rxc6 bxc6 27. Rxc6
Rb5 28. Rxe6 Rb6 29. Nc5 Kf7 30. Rxb6 Bxb6 31. Nd7 Bxd4 32. Nxf8 Kxf8 33. Bb5
Bxe5 34. Bxa4 Bxb2 35. Bb3 Bxa3 1/2-1/2

[Event "4NCL/Div2/CAMB1 vs. WRO"]
[Site "Wokefield Park ENG"]
[Date "2007.03.03"]
[Round "7.2"]
[White "Van de Griendt, Jan W"]
[Black "Mah, Karl C C"]
[Result "0-1"]
[WhiteElo "2366"]
[BlackElo "2422"]
[PlyCount "96"]
[EventDate "2007.03.03"]

1. d4 e6 2. c4 f5 3. g3 Nf6 4. Bg2 Be7 5. Nf3 O-O 6. O-O d5 7. b3 c6 8. Ne5
Nbd7 9. Nd3 Nb6 10. c5 Nbd7 11. b4 a5 12. bxa5 Qxa5 13. Nd2 b6 14. Nb3 Qa4 15.
cxb6 Nxb6 16. Qc2 Qc4 17. Qb1 Ne4 18. Bb2 Na4 19. Rc1 Qb5 20. Bf1 Qb6 21. e3
Ba6 22. Rc2 Rfc8 23. f3 Ng5 24. Kf2 Nxb2 25. Rxb2 Ba3 26. Rc2 Rab8 27. Qe1 Bc4
28. Ndc5 Bxb3 29. Nxb3 Rc7 30. Qc3 Nf7 31. Nc5 Bb2 32. Qe1 Bxa1 33. Qxa1 Re7
34. a4 Qa5 35. Rb2 Ree8 36. Qb1 Rxb2+ 37. Qxb2 Nd6 38. Be2 Qa7 39. Qc2 Kf7 40.
Qc3 Nb7 41. Nxb7 Qxb7 42. a5 Rc8 43. a6 Qb6 44. Qa3 c5 45. dxc5 Qxc5 46. Qa4
Rc7 47. Qf4 Qa5 48. g4 Rc1 0-1

[Event "4NCL/Div2/CAMB1 vs. WRO"]
[Site "Wokefield Park ENG"]
[Date "2007.03.03"]
[Round "7.3"]
[White "Dearing, Eddie"]
[Black "Kaid, Almar"]
[Result "1-0"]
[WhiteElo "2384"]
[BlackElo "2276"]
[PlyCount "79"]
[EventDate "2007.03.03"]

1. d4 d5 2. c4 e6 3. Nc3 Nf6 4. cxd5 exd5 5. Bg5 Be7 6. e3 c6 7. Qc2 Nbd7 8.
Bd3 Nh5 9. Bxe7 Qxe7 10. Nge2 g6 11. O-O O-O 12. Rab1 Nb6 13. b4 a6 14. a4 Ng7
15. a5 Nd7 16. Na4 Rb8 17. Rfe1 Nf6 18. Ng3 Be6 19. f3 Rbd8 20. Nc5 Bc8 21. Qc3
Ne6 22. Nb3 Ne8 23. Rbd1 Qf6 24. Bf1 N8c7 25. e4 Nf4 26. Nh1 dxe4 27. fxe4 Bg4
28. Rd2 Rfe8 29. Rf2 Qg5 30. h4 Qh6 31. Qg3 Be6 32. Nc5 Rxd4 33. Rxf4 Rxb4 34.
Nf2 Rd8 35. Rf3 Rc8 36. Rd1 Qf8 37. Qe5 Qe7 38. Ng4 Qxh4 39. Nf6+ Kf8 40. Nxe6+
1-0

[Event "4NCL/Div2/CAMB1 vs. WRO"]
[Site "Wokefield Park ENG"]
[Date "2007.03.03"]
[Round "7.4"]
[White "Adams, David M"]
[Black "Moskovic, David M"]
[Result "1-0"]
[WhiteElo "2232"]
[BlackElo "2273"]
[PlyCount "97"]
[EventDate "2007.03.03"]

1. c4 g6 2. g3 Bg7 3. Bg2 Nf6 4. Nc3 O-O 5. e4 c5 6. Nge2 Nc6 7. O-O Ne8 8. d3
Nc7 9. Rb1 Ne6 10. a3 a5 11. f4 d6 12. Nd5 Ned4 13. Nec3 e6 14. Ne3 Bd7 15. g4
f5 16. gxf5 gxf5 17. exf5 exf5 18. Nb5 Nxb5 19. cxb5 Nd4 20. a4 Rb8 21. Bd2 b6
22. Nc2 Be6 23. Nxd4 Bxd4+ 24. Kh1 Qf6 25. Qc2 Rbc8 26. Rfe1 Ba2 27. Rbc1 Bf7
28. Bc3 c4 29. Rcd1 Rfe8 30. Rxe8+ Rxe8 31. dxc4 Bxc3 32. Qxc3 Qxc3 33. bxc3
Kf8 34. Bc6 Rd8 35. c5 bxc5 36. b6 Be8 37. Bd5 Rb8 38. b7 Ke7 39. Rg1 Bxa4 40.
Rg7+ Kd8 41. Kg1 Bb5 42. Rxh7 a4 43. Rg7 a3 44. h4 Ba6 45. h5 c4 46. h6 a2 47.
h7 a1=Q+ 48. Kh2 Qb2+ 49. Bg2 1-0

[Event "4NCL/Div2/CAMB1 vs. WRO"]
[Site "Wokefield Park ENG"]
[Date "2007.03.03"]
[Round "7.5"]
[White "Eckersley-Waites, Adam"]
[Black "Gayson, Peter M"]
[Result "1-0"]
[WhiteElo "2167"]
[BlackElo "2237"]
[PlyCount "77"]
[EventDate "2007.03.03"]

1. e4 c5 2. Nf3 e6 3. d4 cxd4 4. Nxd4 Nf6 5. Nc3 Nc6 6. Ndb5 Bb4 7. a3 Bxc3+ 8.
Nxc3 d5 9. exd5 exd5 10. Bd3 O-O 11. O-O d4 12. Ne2 Bg4 13. f3 Bh5 14. Nf4 Bg6
15. Nxg6 hxg6 16. f4 Qd6 17. Qf3 Rfe8 18. Bd2 Re7 19. b4 a6 20. Rab1 Rae8 21.
b5 axb5 22. Rxb5 Qxa3 23. Rfb1 Qd6 24. Rxb7 Ne4 25. Rxe7 Qxe7 26. Be1 Qe6 27.
h3 Nc5 28. Bb5 Rb8 29. Bg3 d3 30. c3 Qe4 31. f5 Rb7 32. fxg6 Qxg6 33. Bf2 d2
34. Rb2 Qe4 35. Qd1 Rxb5 36. Rxb5 Qa4 37. Qxa4 Nxa4 38. Rd5 Nxc3 39. Rxd2 1-0

[Event "4NCL/Div2/CAMB1 vs. WRO"]
[Site "Wokefield Park ENG"]
[Date "2007.03.03"]
[Round "7.6"]
[White "Barrett, Steve J"]
[Black "Churm, Rohan M"]
[Result "1-0"]
[WhiteElo "2215"]
[BlackElo "2185"]
[PlyCount "71"]
[EventDate "2007.03.03"]

1. d4 d5 2. c4 e6 3. Nc3 c6 4. e4 dxe4 5. Nxe4 Bb4+ 6. Bd2 Qxd4 7. Bxb4 Qxe4+
8. Be2 Na6 9. Bc3 Nf6 10. Nf3 O-O 11. O-O Nd7 12. Re1 f6 13. Bd3 Qf4 14. Re4
Qc7 15. Rh4 g6 16. b4 Rf7 17. Qe2 Nf8 18. Rd1 Qe7 19. a3 c5 20. b5 Nc7 21. Nd2
Ne8 22. f4 b6 23. Be4 Bb7 24. Bxb7 Qxb7 25. Ne4 Qe7 26. Rh3 Rd8 27. Rhd3 Rxd3
28. Rxd3 Nd7 29. g4 e5 30. fxe5 fxe5 31. Bd2 Nc7 32. Bg5 Qe6 33. Rd6 Qe8 34.
Qd2 Ne6 35. Qd5 Qf8 36. Qxe6 1-0

[Event "4NCL/Div2/CAMB1 vs. WRO"]
[Site "Wokefield Park ENG"]
[Date "2007.03.03"]
[Round "7.7"]
[White "Cooley, Oliver"]
[Black "Cumbers, Paul"]
[Result "1-0"]
[WhiteElo "2105"]
[BlackElo "2144"]
[PlyCount "61"]
[EventDate "2007.03.03"]

1. e4 e6 2. d4 d5 3. e5 c5 4. c3 Nc6 5. Nf3 Bd7 6. Be2 f6 7. O-O Qc7 8. Re1
O-O-O 9. Bf4 Nge7 10. Qd2 Ng6 11. Bg3 fxe5 12. Bb5 Nb8 13. Nxe5 Nxe5 14. Bxe5
Qb6 15. a4 a6 16. dxc5 Bxc5 17. b4 axb5 18. bxc5 Qa5 19. Na3 bxa4 20. Bd6 Na6
21. Qd4 Rde8 22. Rab1 Nc7 23. Rb6 Rhg8 24. Reb1 e5 25. Rxb7 Bf5 26. Qxa4 Bxb1
27. Qxa5 Kxb7 28. Qxc7+ Ka8 29. Qc6+ Ka7 30. Qb6+ Ka8 31. Qa6# 1-0

[Event "4NCL/Div2/CAMB1 vs. WRO"]
[Site "Wokefield Park ENG"]
[Date "2007.03.03"]
[Round "7.8"]
[White "Khakimova, Masura"]
[Black "Kapadia, Sujit"]
[Result "1/2-1/2"]
[WhiteElo "1885"]
[BlackElo "1875"]
[PlyCount "29"]
[EventDate "2007.03.03"]

1. d4 d5 2. c4 c6 3. e3 Nf6 4. Nf3 Bf5 5. Nc3 e6 6. cxd5 cxd5 7. Qb3 b6 8. Bb5+
Nbd7 9. O-O Bd6 10. Bd2 O-O 11. Rac1 a6 12. Be2 b5 13. a3 Qb6 14. Nh4 Bg6 15.
Nxg6 1/2-1/2

[Event "4NCL/Div2/WWKS1 vs. SLOS2"]
[Site "Wokefield Park ENG"]
[Date "2007.03.03"]
[Round "7.1"]
[White "Mason, Don"]
[Black "Roberson, Peter T"]
[Result "1/2-1/2"]
[WhiteElo "2249"]
[BlackElo "2202"]
[PlyCount "95"]
[EventDate "2007.03.03"]

1. e4 c6 2. d4 d5 3. Nd2 dxe4 4. Nxe4 Bf5 5. Ng3 Bg6 6. h4 h6 7. Nf3 Nd7 8. h5
Bh7 9. Bd3 Bxd3 10. Qxd3 Qc7 11. Bd2 Ngf6 12. O-O-O e6 13. Ne4 O-O-O 14. g3
Nxe4 15. Qxe4 Nf6 16. Qe2 Bd6 17. c4 c5 18. Bc3 cxd4 19. Nxd4 a6 20. Kb1 Rd7
21. Nb3 Rhd8 22. Rc1 Bf8 23. c5 Qc6 24. Bxf6 gxf6 25. Na5 Qd5 26. c6 Qxa5 27.
cxd7+ Kxd7 28. Qf3 Qb6 29. Rhd1+ Bd6 30. Rxd6+ Kxd6 31. Qxf6 Rd7 32. Rd1+ Kc7
33. Rxd7+ Kxd7 34. Qxf7+ Kd6 35. Qf8+ Kd5 36. Qf3+ Kd6 37. Qf4+ Ke7 38. Qxh6
Qxf2 39. Qg5+ Ke8 40. Qg8+ Ke7 41. Qg5+ Ke8 42. Qe5 Kf7 43. Qc7+ Kf6 44. a3
Qf5+ 45. Ka1 Qxh5 46. Qxb7 Qe2 47. Ka2 e5 48. Qc8 1/2-1/2

[Event "4NCL/Div2/WWKS1 vs. SLOS2"]
[Site "Wokefield Park ENG"]
[Date "2007.03.03"]
[Round "7.2"]
[White "Linford, Charles"]
[Black "Thomas, Nicholas"]
[Result "0-1"]
[WhiteElo "2142"]
[BlackElo "2296"]
[PlyCount "80"]
[EventDate "2007.03.03"]

1. e4 e6 2. d4 d5 3. Nd2 Nc6 4. Ngf3 Nf6 5. e5 Nd7 6. Bb5 a6 7. Bxc6 bxc6 8.
Nb3 c5 9. dxc5 Nxc5 10. Qd4 Ne4 11. c4 c5 12. Qe3 Bb7 13. cxd5 exd5 14. O-O Be7
15. Nbd2 d4 16. Qf4 Nxd2 17. Bxd2 O-O 18. Rfe1 Qb6 19. Rab1 Rad8 20. Qg3 Bd5
21. b3 f6 22. Bf4 Qc6 23. Nh4 f5 24. Bg5 f4 25. Qg4 Be6 26. Qh5 Bxg5 27. Qxg5
Rde8 28. Rbd1 Rf7 29. Nf3 Bd5 30. e6 Rf6 31. Ne5 Rfxe6 32. Nd3 Rxe1+ 33. Nxe1
Qe6 34. Nd3 f3 35. gxf3 Bxf3 36. Rc1 h6 37. Qf4 Qg6+ 38. Qg3 Qxd3 39. Qd6 Qe4
40. h3 Re6 0-1

[Event "4NCL/Div2/WWKS1 vs. SLOS2"]
[Site "Wokefield Park ENG"]
[Date "2007.03.03"]
[Round "7.3"]
[White "James, Russell A"]
[Black "Muter, Donny"]
[Result "1-0"]
[WhiteElo "2233"]
[BlackElo "2162"]
[PlyCount "63"]
[EventDate "2007.03.03"]

1. b3 Nf6 2. Bb2 e6 3. Nf3 c5 4. e3 Be7 5. c4 O-O 6. Be2 d5 7. O-O dxc4 8. bxc4
Qb6 9. Qc2 Nc6 10. Nc3 Qd8 11. Rad1 Bd7 12. d4 cxd4 13. exd4 Qa5 14. Qb1 Qf5
15. Qxf5 exf5 16. d5 Na5 17. d6 Bd8 18. Ne5 Be6 19. Ba3 Nd7 20. Nxd7 Bxd7 21.
Nd5 Re8 22. Bd3 Rc8 23. c5 b6 24. Ba6 Rb8 25. Ne7+ Bxe7 26. dxe7 Ba4 27. Rd4 b5
28. Re1 f6 29. Bc1 g5 30. h4 h6 31. Rd6 Nb7 32. Rd5 1-0

[Event "4NCL/Div2/WWKS1 vs. SLOS2"]
[Site "Wokefield Park ENG"]
[Date "2007.03.03"]
[Round "7.4"]
[White "Purton, Ben J"]
[Black "Hynes, Anthony"]
[Result "1-0"]
[WhiteElo "2112"]
[BlackElo "2248"]
[PlyCount "67"]
[EventDate "2007.03.03"]

1. e4 e5 2. Nf3 Nc6 3. Bb5 f5 4. Nc3 Nf6 5. exf5 Nd4 6. Nxd4 exd4 7. Ne2 c6 8.
Bd3 Bc5 9. O-O O-O 10. c3 dxc3 11. dxc3 d5 12. Bg5 Qe8 13. Bxf6 Rxf6 14. Ng3
Bd7 15. Qc2 Qf7 16. Rae1 Rf8 17. c4 b6 18. cxd5 cxd5 19. Re5 Kh8 20. Qb3 Bc6
21. Kh1 Qd7 22. f4 Bd6 23. Re2 Re8 24. Qc3 Rxe2 25. Bxe2 Bb5 26. Qf3 Bc6 27.
Qd3 Rf8 28. a3 a5 29. Qc3 a4 30. Bg4 Bb5 31. Rd1 Bxf4 32. Nh5 d4 33. Qb4 Rc8
34. Nxf4 1-0

[Event "4NCL/Div2/WWKS1 vs. SLOS2"]
[Site "Wokefield Park ENG"]
[Date "2007.03.03"]
[Round "7.5"]
[White "Shephard, Chris C W"]
[Black "Kafka, Graeme"]
[Result "0-1"]
[WhiteElo "2180"]
[BlackElo "2124"]
[PlyCount "68"]
[EventDate "2007.03.03"]

1. c4 c5 2. Nf3 Nc6 3. Nc3 g6 4. g3 Bg7 5. Bg2 d6 6. O-O e5 7. Ne1 Nge7 8. Nc2
O-O 9. Ne3 f5 10. Ned5 f4 11. e3 Nxd5 12. Nxd5 Be6 13. d3 g5 14. Rb1 Kh8 15. b4
Qd7 16. b5 Ne7 17. Nxe7 Qxe7 18. Be4 Qf7 19. f3 Rad8 20. Qc2 b6 21. a4 d5 22.
cxd5 Bxd5 23. a5 Rd6 24. Rf2 Bxe4 25. fxe4 Rf6 26. gxf4 gxf4 27. exf4 exf4 28.
Rf3 Qh5 29. Qe2 Rg6+ 30. Kh1 Rg3 31. Rf2 f3 32. Qe1 Rg2 33. Rxg2 fxg2+ 34. Kxg2
Qf3+ 0-1

[Event "4NCL/Div2/WWKS1 vs. SLOS2"]
[Site "Wokefield Park ENG"]
[Date "2007.03.03"]
[Round "7.6"]
[White "Foster, James J"]
[Black "Pitcher, John"]
[Result "1/2-1/2"]
[WhiteElo "2067"]
[BlackElo "2195"]
[PlyCount "29"]
[EventDate "2007.03.03"]

1. c4 e5 2. Nc3 Bb4 3. e4 Nf6 4. d3 O-O 5. g3 d6 6. Bg2 Bg4 7. Nge2 Nc6 8. O-O
Bxc3 9. bxc3 Qd7 10. f4 exf4 11. gxf4 Ne8 12. f5 Bxe2 13. Qxe2 f6 14. Ba3 Rc8
15. c5 1/2-1/2

[Event "4NCL/Div2/WWKS1 vs. SLOS2"]
[Site "Wokefield Park ENG"]
[Date "2007.03.03"]
[Round "7.7"]
[White "Hunt, Malcolm A"]
[Black "Edgell, Ben P"]
[Result "1/2-1/2"]
[WhiteElo "2087"]
[BlackElo "2043"]
[PlyCount "82"]
[EventDate "2007.03.03"]

1. d4 Nf6 2. Nf3 e6 3. Bf4 b6 4. e3 Bb7 5. Nbd2 d6 6. Bd3 Nbd7 7. O-O Be7 8. h3
O-O 9. Qe2 c5 10. c3 Qc7 11. e4 e5 12. dxe5 dxe5 13. Bg5 Rfe8 14. Bxf6 Bxf6 15.
Ba6 Bc6 16. Bb5 Bxb5 17. Qxb5 a6 18. Qe2 b5 19. c4 Qa5 20. Rfd1 Red8 21. Nf1
Nb6 22. Ne3 h5 23. Nd5 Nxd5 24. cxd5 Rac8 25. g4 hxg4 26. hxg4 Rd6 27. Qd2 Qxd2
28. Rxd2 c4 29. Rc2 a5 30. Kf1 g6 31. g5 Bg7 32. Nd2 a4 33. Rac1 Ra8 34. a3 f6
35. Nb1 f5 36. f3 Bf8 37. Nc3 Rb8 38. Rg2 f4 39. Ke2 Rd7 40. Rh1 Rh7 41. Rxh7
Kxh7 1/2-1/2

[Event "4NCL/Div2/WWKS1 vs. SLOS2"]
[Site "Wokefield Park ENG"]
[Date "2007.03.03"]
[Round "7.8"]
[White "Martin, Katie"]
[Black "Hale, Katie L W"]
[Result "1-0"]
[WhiteElo "1938"]
[BlackElo "1830"]
[PlyCount "55"]
[EventDate "2007.03.03"]

1. e4 e6 2. d4 d5 3. Nd2 Nf6 4. e5 Nfd7 5. Bd3 c5 6. c3 Nc6 7. Ne2 Qb6 8. Nf3
cxd4 9. cxd4 Nb4 10. Bb1 Be7 11. O-O O-O 12. Re1 f6 13. exf6 Bxf6 14. Nf4 Re8
15. a3 Na6 16. Nxd5 Qd6 17. Nxf6+ Nxf6 18. Bg5 Nd5 19. Ne5 Nb8 20. Qh5 g6 21.
Bxg6 Re7 22. Bf7+ Kh8 23. Re4 Nd7 24. Bxe7 Nxe7 25. Bg6 Nf6 26. Qh6 Qc7 27.
Qf8+ Neg8 28. Nf7+ 1-0

[Event "4NCL/Div2/WES1 vs. BARY"]
[Site "Wokefield Park ENG"]
[Date "2007.03.03"]
[Round "7.1"]
[White "Corkett, Anthony R"]
[Black "Dorrington, Christopher"]
[Result "1/2-1/2"]
[WhiteElo "2340"]
[BlackElo "2240"]
[PlyCount "126"]
[EventDate "2007.03.03"]

1. d4 Nf6 2. Nf3 e6 3. g3 c5 4. Bg2 Nc6 5. O-O d5 6. a3 cxd4 7. Nxd4 Be7 8. c4
O-O 9. Nc3 Re8 10. b4 a5 11. Nxc6 bxc6 12. b5 Bb7 13. Rb1 Rc8 14. bxc6 Bxc6 15.
cxd5 Nxd5 16. Nxd5 exd5 17. Qd3 Bf6 18. Bd2 a4 19. Rfc1 Qd7 20. e3 h6 21. Bc3
Be7 22. Rd1 Bb5 23. Rxb5 Rxc3 24. Qxc3 Qxb5 25. Bxd5 Qc5 26. Qxc5 Bxc5 27. Bc6
Re6 28. Bxa4 Bxa3 29. Bb3 Re7 30. h4 h5 31. Rd3 Bb4 32. Kg2 g6 33. f4 Kg7 34.
Kf3 f5 35. Bd5 Rd7 36. e4 fxe4+ 37. Kxe4 Be7 38. Rb3 Bf6 39. Rb8 Re7+ 40. Kf3
Kh7 41. Be4 Kg7 42. Rb5 Re8 43. f5 Re5 44. Rb7+ Re7 45. Rb6 gxf5 46. Bxf5 Re1
47. Be4 Be5 48. Rg6+ Kf8 49. Rg5 Bd6 50. Rf5+ Ke7 51. Rxh5 Bxg3 52. Rh7+ Ke6
53. h5 Be5 54. Bg6 Rh1 55. Rb7 Bc3 56. Rb6+ Ke7 57. Rc6 Bd2 58. Ke4 Bc1 59. Rc2
Bh6 60. Rc7+ Kd6 61. Rf7 Ke6 62. Rh7 Bc1 63. Bf7+ Kd6 1/2-1/2

[Event "4NCL/Div2/WES1 vs. BARY"]
[Site "Wokefield Park ENG"]
[Date "2007.03.03"]
[Round "7.2"]
[White "Farrand, Julian T"]
[Black "Poulton, James"]
[Result "1/2-1/2"]
[WhiteElo "2164"]
[BlackElo "2368"]
[PlyCount "102"]
[EventDate "2007.03.03"]

1. d4 Nf6 2. Nc3 d5 3. Bg5 Bf5 4. Bxf6 exf6 5. e3 Bb4 6. Bd3 Qd7 7. Nge2 Nc6 8.
a3 Bxc3+ 9. Nxc3 Bxd3 10. Qxd3 f5 11. Ne2 O-O 12. O-O Ne7 13. c4 dxc4 14. Qxc4
Nd5 15. Nc3 Nxc3 16. Qxc3 c6 17. Rfd1 Rfe8 18. Qd3 Rad8 19. Rac1 Re5 20. Qe2
Rd5 21. b4 f4 22. Qf3 fxe3 23. fxe3 Rf5 24. Qg3 Re8 25. Re1 Rf6 26. Rc3 a6 27.
Rd3 Rfe6 28. Qf3 Re4 29. Rc1 h6 30. h3 Qe6 31. Rcc3 Qd5 32. Qf2 Qg5 33. Kh2
R8e6 34. Qg3 Qe7 35. Kg1 Kh7 36. Qf3 Rf6 37. Qg3 Qe6 38. Rd2 Qd5 39. Rf2 Ree6
40. Kh2 Qe4 41. Rxf6 Rxf6 42. Qe1 Re6 43. Qf2 f5 44. Qd2 Kg6 45. Qd3 Kf6 46.
Qxe4 Rxe4 47. Kg3 h5 48. Kf3 h4 49. Rc5 Re6 50. a4 g6 51. b5 axb5 1/2-1/2

[Event "4NCL/Div2/WES1 vs. BARY"]
[Site "Wokefield Park ENG"]
[Date "2007.03.03"]
[Round "7.3"]
[White "Webb, Richard M"]
[Black "Hodgson, John H"]
[Result "1/2-1/2"]
[WhiteElo "2272"]
[BlackElo "2225"]
[PlyCount "37"]
[EventDate "2007.03.03"]

1. e4 c5 2. Nf3 Nc6 3. d4 cxd4 4. Nxd4 g6 5. Nc3 Bg7 6. Be3 Nf6 7. Bc4 O-O 8.
Bb3 d6 9. f3 Bd7 10. Qd2 Nxd4 11. Bxd4 b5 12. O-O a5 13. a4 b4 14. Nd5 Nxd5 15.
exd5 Bxd4+ 16. Qxd4 e5 17. dxe6 Bxe6 18. Bxe6 fxe6 19. Rad1 1/2-1/2

[Event "4NCL/Div2/WES1 vs. BARY"]
[Site "Wokefield Park ENG"]
[Date "2007.03.03"]
[Round "7.4"]
[White "Kilpatrick, Callum"]
[Black "Upton, Ian J"]
[Result "1/2-1/2"]
[WhiteElo "2142"]
[BlackElo "2270"]
[PlyCount "38"]
[EventDate "2007.03.03"]

1. e4 e6 2. d4 d5 3. Nc3 Nf6 4. Bg5 Bb4 5. e5 h6 6. Bd2 Bxc3 7. bxc3 Ne4 8. Qg4
Kf8 9. Bd3 Nxd2 10. Kxd2 c5 11. Nf3 Nc6 12. Rhb1 c4 13. Be2 Rb8 14. a4 Bd7 15.
Qf4 Be8 16. h4 Ke7 17. h5 Kd7 18. Ke1 Kc8 19. Kf1 Qe7 1/2-1/2